Представление документа в формате MARC21

Поле Инд. ПП Название Значение
Тип записи a
Библиографический уровень b
001 Контрольный номер 3ee9d61ad47a4ff3a7f72557c4e07a27
005 Дата корректировки 20211001160604.7
040 a Служба первич. каталог. Scopus
041 0_ a Код языка текста rus
097 a Костяева О.Г.
100 1_ a Автор Sagaidak R. N.
100 1_ q Полное имя Оганесян Юрий Цолакович
g Прочие сведения РИНЦ AuthorID: 21136 (http://elibrary.ru/author_profile.asp?id= 21136); Scopus Author ID: 35401658500 (https://www.scopus.com/authid/detail.uri?authorId=35401658500)
u Дополнение Оганесян Ю. Ц.; Oganessian Yu Ts
a Автор Oganessian Yu. Ts.
c Титул (звания) академик РАН; доктор физико-математических наук
i 000091251
k Кафедра ядерной физики; Факультет естественных и инженерных наук
100 1_ a Автор Popeko A. G.
g Прочие сведения РИНЦ AuthorID: 23901 (http://elibrary.ru/author_profile.asp?id=23901); Scopus Author ID: 6603721619 (https://www.scopus.com/authid/detail.uri?authorId=6603721619)
i 000091255
q Полное имя Попеко Андрей Георгиевич
u Дополнение Попеко А. Г.; Popeko Andrei G.
c Титул (звания) кандидат физико-математических наук
k Кафедра ядерной физики; Факультет естественных и инженерных наук
100 1_ a Автор Yeremin A. V.
g Прочие сведения РИНЦ AuthorID: 19762 (http://elibrary.ru/author_profile.asp?id=19762); SPIN-код: 7194-8836 (http://elibrary.ru/author_items.asp?authorid=19762); Scopus Author ID: 7004492073 (https://www.scopus.com/authid/detail.uri?origin=resultslist&authorId=7004492073&zone=)
i 000091246
q Полное имя Еремин Александр Владимирович
u Дополнение Еремин А. В.; Yeremin A. V.
c Титул (звания) кандидат физико-математических наук
k Кафедра ядерной физики; Факультет естественных и инженерных наук
245 10 a Заглавие Fission-evaporation competition in excited uranium and fermium nuclei
550 a Прим. об изд. организации Кафедра ядерной физики; Факультет естественных и инженерных наук
773 18 t Название источника Journal of Physics G: Nuclear and Particle Physics
d Место и дата издания 1998
g Прочая информация V. 24. - № 3. - P. 611
w Контрольный № источника ef8e195b47054011a70e823af1bdce48
856 40 u URL http://iopscience.iop.org/article/10.1088/0954-3899/24/3/012/meta
901 t Тип документа b
952 c Вид литературы статья в журнале